000 01017nam a2200289Ia 4500
001 Para_5846
003 CHAP
008 220125s1970 xx 000 0 und d
010 _a204330
040 _cCHAP
090 _aPA TESIS 161
100 _aLópez Benítez, Servando
_967707
245 _aEnsayo de tres insecticidas a U.B.V. y uno convencional aplicados con equipo portatil para el combate del picudo del algodonero Anthonomus grandis Boh. en Apatzingán, Mich. /
_c por Servando López Benítez
260 _aChapingo, Méx. :
_b el autor
300 _a71 h.
502 _aTesis (Ing. Agr. Esp. Parasitología Agrícla) ENA. Departamento Parasitología Agrícola
650 _aAnthonomus grandis
_96037
650 _aInsecticidas
_958855
710 _aENA. Departamento Parasitología Agrícola
_9164684
901 _aPA TESIS 161
902 _aA
905 _a0000001970 a 0000000000 00
910 _a1970
942 _cPARA
942 _cPARA
_d1
999 _c204330
_d204330